000 01870cam a22004814i 4500
003 PE-LiUPU
005 20250731184604.0
008 150616s r 000 0 d
035 _a(Sirsi) a5451
040 _aPE-LiUPU
_bspa
_cPE-LiUPU
_erda
049 _aPRUA
082 0 4 _a985.512
_bV66
_221
100 1 _aVillafranca Saravia, Mario,
_eautor.
245 1 0 _aSatipo; fantasía y realidad.
264 1 _aSatipo :
_bGuzmán,
_c1975.
300 _a203 páginas ;
_c20 cm.
336 _atext
_2rdacontent
337 _aunmediated
_2rdamedia
338 _avolume
_2rdacarrier
504 _aIncluye bibliografía.
505 0 _aSatipo fantasía: -Tétano -- La última cacería -- El engaño -- La feria -- El alma del monte -- La hora del tigre -- Las insignias -- Aya Huasca -- La noticia. Satipo realidad: -Antecedentes históricos -- Aspecto físico -- División política -- Gobierno local aspecto cultural -- Deportes y asistencia social -- Economía agropecuaria -- Aspecto urbano y act. social -- Vías de comunicación -- Satipo y sus benefactores.
526 _aP136
526 _aP135
526 _aP134
526 _aP133
526 _aP144
526 _aP143
526 _aP87
526 _aP35
526 _aP20
526 _aP14
526 _aP10
526 _aP06
650 0 4 _aSATIPO - CUENTOS.
700 1 _aMorrón Ramos, Joaquín M.
910 _ajck
_bjvq
_cjck
942 _2ddc
_cBOOK
949 _a985.512 V66
_wDEWEY
_c1
_i17212
_lCCODEBUL1
_mBUL
_p00.00
_r0
_sY
_tBOOK
_u19791018
_xEDUCACION
_PP20
_0COMPRA
_o.STAFF. Colección General
994 _aC0
_bPEPRU
596 _a1
999 _a985.512 V66
_wDEWEY
_c56481
_i17212
_f2021-11-8
_g4
_lCCODEBUL1
_mBUL
_r0
_sY
_tBOOK
_u2015-6-16
_xBIBLIOTECA
_PP20
_0COMPRA
_o.STAFF. Colección General
_d56481
980 _81
_gALBERTO SANCHEZ Responsable de Automatización